| 000 | 01060nam0a2200325 4500 | ||
|---|---|---|---|
| 001 | RU\NLR\bibl\1183661 | ||
| 005 | 20260405212251.0 | ||
| 010 |
_a5-98641-026-2 _93000 |
||
| 035 | _a(NLR Aleph) 001170250 | ||
| 090 |
_a1592789 _c1592789 |
||
| 100 | _a20080204d2006 |||y0rusy50 ca | ||
| 101 | 0 | _arus | |
| 102 | _aRU | ||
| 105 | _aa ||||||||| | ||
| 200 | 1 |
_aВоздух _f[гл. ред. Андрей Журавлев] |
|
| 210 |
_aМосква _cБук хаус _d2006 |
||
| 215 |
_a295 с. _cцв. ил. _d33 |
||
| 225 | 1 | _aМноголикая планета | |
| 313 | _aлетательные аппараты, парусники | ||
| 606 | 1 |
_aВоздух _91047308 _3RU\NLR\auth\6686201 |
|
| 686 | _aД23 | ||
| 686 | _aО5 | ||
| 686 | _aО422.7 | ||
| 702 | 1 |
_4340 _8rus _7ca _aЖуравлев _bА. Ю. _cд-р биол. наук _f1958- _gАндрей Юрьевич _3RU\NLR\auth\7795362 _978288 |
|
| 801 | 0 |
_aRU _bNLR _c20080204 _gRCR |
|
| 801 | 1 |
_aRU _bNLR _c20080204 |
|
| 830 | _aред. по кн. | ||
| 942 | _cBOOK | ||
| 980 | _aNB | ||